[Event "Hessen-ch U14"]
[Site "Bad Homburg"]
[Date "2015.04.02"]
[Round "5"]
[White "Lange, Lars"]
[Black "Herbert, Fabian"]
[Result "1/2-1/2"]
[WhiteElo "1290"]
[BlackElo "1337"]
[PlyCount "28"]
[EventDate "2015.03.30"]
[EventType "swiss"]
[EventRounds "7"]
[EventCountry "GER"]
[SourceTitle "EXT 2017"]
[Source "ChessBase"]
[SourceDate "2016.10.25"]
[SourceVersion "1"]
[SourceVersionDate "2016.10.25"]
[SourceQuality "1"]

1. e4 e5 2. Nf3 Nc6 3. Bb5 Bc5 4. Bxc6 dxc6 5. d3 Bg4 6. 0-0 h6 7. Re1 Nf6 8. Be3 Be7 9. Nbd2 0-0 10. h3 Bxf3 11. Nxf3 Bd6 12. Qd2 Kh7 13. Rf1 Qe7 14. Nh2 Rad8 1/2-1/2

[Event "Karl Mala Memorial op-B 16th"]
[Site "Frankfurt"]
[Date "2013.07.14"]
[Round "7"]
[White "Herbert, Fabian"]
[Black "Reitz, Theresa"]
[Result "1/2-1/2"]
[WhiteElo "1459"]
[BlackElo "1080"]
[PlyCount "53"]
[EventDate "2013.07.11"]
[EventType "swiss"]
[EventRounds "7"]
[EventCountry "GER"]
[SourceTitle "CBM 155 Extra"]
[Source "ChessBase"]
[SourceDate "2013.08.26"]
[SourceVersion "1"]
[SourceVersionDate "2013.08.26"]
[SourceQuality "1"]

1. e4 Nc6 2. Nf3 f5 3. exf5 d5 4. d4 Bxf5 5. Bb5 Nf6 6. Ne5 Bd7 7. Bxc6 Bxc6 8. Nc3 e6 9. 0-0 Bd6 10. Nxc6 bxc6 11. Re1 Qe7 12. Bg5 0-0 13. Qd2 Rae8 14. h3 Qf7 15. Re2 Qg6 16. Rae1 Nd7 17. Be3 h6 18. Na4 Rb8 19. b3 Nb6 20. Nxb6 cxb6 21. Qc3 Rbc8 22. Bd2 Rf6 23. b4 b5 24. Ra1 Rf7 25. Qb3 Rfc7 26. Rae1 Re7 27. Rc1 1/2-1/2

[Event "Hessen-ch U12"]
[Site "Bad Homburg"]
[Date "2013.??.??"]
[Round "9"]
[White "Reinecke, Katharina"]
[Black "Herbert, Fabian"]
[Result "1/2-1/2"]
[WhiteElo "1608"]
[BlackElo "1083"]
[PlyCount "50"]
[EventDate "2013.03.??"]
[EventType "swiss"]
[EventRounds "9"]
[EventCountry "GER"]
[SourceTitle "EXT 2014"]
[Source "ChessBase"]
[SourceDate "2013.11.20"]
[SourceVersion "1"]
[SourceVersionDate "2013.11.20"]
[SourceQuality "1"]

1. e4 e5 2. Nf3 Nc6 3. Bc4 Bc5 4. c3 Nf6 5. d3 d6 6. 0-0 0-0 7. Nbd2 Bg4 8. h3 Be6 9. Bb3 h6 10. Re1 Bb6 11. Nf1 Qd7 12. Ng3 Rad8 13. Bc2 Qc8 14. d4 exd4 15. cxd4 d5 16. e5 Nd7 17. Qd3 g6 18. Bxh6 Rfe8 19. Bg5 Ne7 20. Nh5 Bf5 21. Qd2 Bxc2 22. Nf6+ Nxf6 23. Bxf6 Kh7 24. Qxc2 c5 25. Ng5+ Kg8 1/2-1/2

[Event "GER-chT U12"]
[Site "Verden"]
[Date "2012.12.29"]
[Round "6.2"]
[White "Gomolinsky, Phil"]
[Black "Herbert, Fabian"]
[Result "1-0"]
[WhiteElo "1328"]
[BlackElo "1092"]
[PlyCount "61"]
[EventDate "2012.12.27"]
[EventType "team-swiss"]
[EventRounds "7"]
[EventCountry "GER"]
[SourceTitle "EXT 2014"]
[Source "ChessBase"]
[SourceDate "2013.11.20"]
[SourceVersion "1"]
[SourceVersionDate "2013.11.20"]
[SourceQuality "1"]
[WhiteTeam "Holtrup Porta Westfalica"]
[BlackTeam "Schoeneck"]
[WhiteTeamCountry "GER"]
[BlackTeamCountry "GER"]

1. e4 e5 2. Nf3 Nc6 3. Bc4 Nf6 4. Ng5 d5 5. exd5 Nxd5 6. d4 Be6 7. 0-0 Be7 8. Nxe6 fxe6 9. Qh5+ g6 10. Qh3 Qd7 11. Re1 Bf6 12. dxe5 Nxe5 13. Bb3 0-0-0 14. Nc3 Kb8 15. f4 Nc6 16. Bd2 Nd4 17. Rad1 Qc6 18. Nxd5 exd5 19. Bc3 Qb6 20. Kh1 Nxb3 21. Bxf6 Qxf6 22. Qxb3 Qxf4 23. Rxd5 Rxd5 24. Qxd5 Qb4 25. Qe5 a6 26. Qxh8+ Ka7 27. Qc3 Qh4 28. Qc5+ b6 29. Qxc7+ Ka8 30. Re8+ Qd8 31. Rxd8# 1-0

[Event "Hessen-ch U12"]
[Site "Bad Homburg"]
[Date "2012.??.??"]
[Round "5"]
[White "Schwarz, Daniel"]
[Black "Herbert, Fabian"]
[Result "0-1"]
[WhiteElo "787"]
[BlackElo "961"]
[PlyCount "50"]
[EventDate "2012.04.??"]
[EventType "swiss"]
[EventRounds "9"]
[EventCountry "GER"]
[SourceTitle "EXT 2015"]
[Source "ChessBase"]
[SourceDate "2014.11.20"]
[SourceVersion "1"]
[SourceVersionDate "2014.11.20"]
[SourceQuality "1"]

1. e4 e5 2. Nf3 Nc6 3. Bc4 Nf6 4. d3 Bc5 5. Nc3 0-0 6. Bg5 h6 7. Bxf6 Qxf6 8. Nd5 Qd8 9. c3 d6 10. a4 a6 11. 0-0 Bg4 12. h3 Bh5 13. b4 Ba7 14. Qe2 Re8 15. Rfe1 Qd7 16. Rad1 Rad8 17. d4 exd4 18. cxd4 Nxd4 19. Rxd4 Bxd4 20. Qd3 Bxf3 21. Qxf3 c6 22. Ne3 Bxe3 23. Rxe3 d5 24. Rd3 Qc7 25. exd5 Re1# 0-1

[Event "GER-ch U10"]
[Site "Oberhof"]
[Date "2011.06.18"]
[Round "11"]
[White "Herbert, Fabian"]
[Black "Wastian, Mareike"]
[Result "0-1"]
[WhiteElo "949"]
[BlackElo "932"]
[PlyCount "116"]
[EventDate "2011.06.11"]
[EventType "swiss"]
[EventRounds "11"]
[EventCountry "GER"]
[SourceTitle "CBM 142 Extra"]
[Source "ChessBase"]
[SourceDate "2011.06.27"]
[SourceVersion "1"]
[SourceVersionDate "2011.06.27"]
[SourceQuality "1"]

1. e4 c6 2. Nc3 d5 3. Nf3 dxe4 4. Nxe4 Nd7 5. Bc4 Ngf6 6. d3 e6 7. 0-0 Be7 8. Bf4 0-0 9. Qd2 b6 10. Rfe1 a5 11. c3 b5 12. Bb3 b4 13. c4 a4 14. Bc2 Bb7 15. Bg5 h6 16. Bxf6 Nxf6 17. Red1 Nxe4 18. dxe4 Qc7 19. Qd7 Bd8 20. Qxc7 Bxc7 21. b3 axb3 22. axb3 Rxa1 23. Rxa1 Ra8 24. Rxa8+ Bxa8 25. Kf1 c5 26. g3 g6 27. e5 Bxf3 28. h4 Bxe5 29. Kg1 Bd4 30. Kf1 Kg7 31. Ke1 Bc3+ 32. Kf1 f5 33. Kg1 Kf6 34. Kh2 Bd4 35. Kg1 g5 36. hxg5+ hxg5 37. Bd3 Bd1 38. Kg2 Bxb3 39. f4 gxf4 40. gxf4 Be3 41. Kf3 Bd4 42. Ke2 e5 43. fxe5+ Kxe5 44. Kd2 Kf6 45. Kc1 Kg5 46. Kd2 Kg4 47. Ke2 f4 48. Kf1 Kg3 49. Ke2 f3+ 50. Kf1 Be3 51. Ke1 Kg2 52. Bf1+ Kg1 53. Bh3 Bxc4 54. Bg4 f2+ 55. Kd1 f1Q+ 56. Kc2 Qd3+ 57. Kb2 Qc3+ 58. Kb1 Qc1# 0-1